BIBLIOTECA

SENCICO

Mensaje a los estudiantes de arquitectura / (Registro nro. 3740)

Detalles MARC
000 -LEADER
fixed length control field 00737nam a22002417a 4500
003 - CONTROL NUMBER IDENTIFIER
control field PE SENCICO BE
005 - DATE AND TIME OF LATEST TRANSACTION
control field 20251020182623.0
008 - FIXED-LENGTH DATA ELEMENTS--GENERAL INFORMATION
fixed length control field 230104b |||||||| |||| 00| 0 eng d
020 ## - INTERNATIONAL STANDARD BOOK NUMBER
International Standard Book Number 978-987-9370-3-6
040 ## - CATALOGING SOURCE
Original cataloging agency PE SENCICO BE
Transcribing agency PE SENCICO BE
041 ## - LANGUAGE CODE
Language code of text/sound track or separate title spa
082 ## - DEWEY DECIMAL CLASSIFICATION NUMBER
Classification number 720
Item number L33
Edition information 2011
100 1# - MAIN ENTRY--PERSONAL NAME
9 (RLIN) 386
Personal name Le Corbusier
245 1# - TITLE STATEMENT
Title Mensaje a los estudiantes de arquitectura /
Statement of responsibility, etc. Le Corbusier
250 ## - EDITION STATEMENT
Edition statement 10a ed.
260 ## - PUBLICATION, DISTRIBUTION, ETC.
Place of publication, distribution, etc. Buenos Aires:
Name of publisher, distributor, etc. Infinito,
Date of publication, distribution, etc. 2011
300 ## - PHYSICAL DESCRIPTION
Extent 72, [6] p. :
Other physical details il.,
Dimensions 20 cm.
440 1# - SERIES STATEMENT/ADDED ENTRY--TITLE
9 (RLIN) 387
Title Biblioteca de arquitectura
650 14 - SUBJECT ADDED ENTRY--TOPICAL TERM
9 (RLIN) 49
Topical term or geographic name entry element Arquitectura
650 24 - SUBJECT ADDED ENTRY--TOPICAL TERM
9 (RLIN) 49
Topical term or geographic name entry element Arquitectura
General subdivision Historia y crítica
910 ## - USER-OPTION DATA (OCLC)
-- hfp
-- hfp
942 ## - ADDED ENTRY ELEMENTS (KOHA)
Source of classification or shelving scheme Dewey Decimal Classification
Koha item type Libros
Classification part 720
Item part L33
Existencias
Fecha de la última vez que lo usaron Número de ingreso o de inventario Pago total Signatura topográfica completa Precio efectivo desde Tipo de documento Estado perdido Sistema de clasificación Estado dañado No es para préstamo Retirado Ubicación permanente Ubicación actual Fecha de adquisición
04/01/2023 16438   720/L33/2011 04/01/2023 Libros   Dewey Decimal Classification       Biblioteca Central Lima Biblioteca Central Lima 04/01/2023